|
|
|
|
| LEADER |
00000cam a2200000 7i4500 |
| 001 |
0000002746 |
| 005 |
20040105.0 |
| 020 |
0 |
0 |
|a 0812920570
|
| 090 |
0 |
0 |
|a 658.408
|b MAK 1993
|
| 100 |
1 |
0 |
|a MAKOWER
|h Joel
|
| 245 |
1 |
4 |
|a The E-factor :
|b the bottom-line approach to environmentally responsible business
|c Joel Makower
|
| 260 |
0 |
0 |
|a New York :
|b Tilden Press ,
|c 1993
|
| 300 |
|
|
|a 291 p. ;
|c 25 cm.
|
| 500 |
0 |
0 |
|a Includes index
|
| 650 |
0 |
0 |
|a Decision-making
|
| 650 |
0 |
0 |
|a Green marketing
|
| 650 |
0 |
0 |
|a Industry
|x Environmental aspects
|
| 650 |
0 |
0 |
|a Social responsibility of business
|
| 998 |
|
|
|a JPSM
|
| 999 |
|
|
|a 0000004431
|b Monograph
|c Open Shelf
|e Default branch
|